logo

Bir Sreshtho Munshi Abdur Rouf Library
Jhenaidah Cadet College

Understanding your health / (Record no. 9701)

MARC details
000 -LEADER
fixed length control field 00818cam a2200277 a 4500
001 - CONTROL NUMBER
JCCL Control Number 9701
003 - CONTROL NUMBER IDENTIFIER
JCCL marc code BD-JhCC
005 - DATE AND TIME OF LATEST TRANSACTION
control field 20180325194541.0
008 - FIXED-LENGTH DATA ELEMENTS--GENERAL INFORMATION
fixed length control field 180322s1986 moua b 001 0 eng
020 ## - INTERNATIONAL STANDARD BOOK NUMBER
International Standard Book Number 0801638224 (pbk.)
035 ## - SYSTEM CONTROL NUMBER
system control number (BD-JhCC)9701
040 ## - CATALOGING SOURCE
Original cataloging agency DLC
Transcribing agency DLC
Modifying agency DLC
-- BD-JhCC
041 ## - LANGUAGE CODE
Language code of Book eng
050 10 - LIBRARY OF CONGRESS CALL NUMBER
Classification number RA777.3
Item number .P39 1986
082 00 - DEWEY DECIMAL CLASSIFICATION NUMBER
Classification number 613/.0434
DDC Edition number 19
Author mark and Year PAY 1986
100 1# - MAIN ENTRY--PERSONAL NAME
Personal name Payne, Wayne A.
245 10 - TITLE STATEMENT
Title Understanding your health /
Statement of responsibility, etc Wayne A. Payne, Dale B. Hahn.
260 ## - PUBLICATION, DISTRIBUTION, ETC. (IMPRINT)
Place of publication, distribution, etc St. Louis :
Name of publisher, distributor, etc Times Mirror/Mosby College Pub.,
Date of publication, distribution, etc 1986.
300 ## - PHYSICAL DESCRIPTION
Pagination xxvii, 568, [54] p. :
Other physical details ill. (some col.) ;
Dimensions 26 cm.
504 ## - BIBLIOGRAPHY, ETC. NOTE
Bibliography, etc Includes bibliographies and index.
650 #0 - SUBJECT ADDED ENTRY--TOPICAL TERM
Topical term or geographic name as entry element Health.
650 #0 - SUBJECT ADDED ENTRY--TOPICAL TERM
Topical term or geographic name as entry element College students
General subdivision Health and hygiene.
700 1# - ADDED ENTRY--PERSONAL NAME
Personal name Hahn, Dale B.
942 ## - ADDED ENTRY ELEMENTS (KOHA)
Source of classification or shelving scheme Dewey Decimal Classification
Koha item type Reference
Holdings
Source of classification or shelving scheme Damaged status Not for loan Home library Current library Shelving location Total Checkouts Full call number Barcode Date last seen Copy number Koha item type
Dewey Decimal Classification     JCC Rouf Library JCC Rouf Library General Stacks   613/.0434 PAY 1986 12959 03/22/2018 C - 1 Reference

JCC Library | Contacts | JCC Home

Last Update on 23 September 2017
Copyright @ 2017-2020 JCC Rouf Library
Rouf Library, Jhenidah Cadet College (JCC), Bangladesh